NFL TE - Statistics

General Stats
  • This quiz has been taken 13 times
  • The average score is 7 of 32
Answer Stats
Hint Answer % Correct
Lions TJ Hockenson
83%
Ravens Mark Andrews
67%
Chiefs Travis Kelce
67%
49ers George Kittle
58%
Falcons Kyle Pitts
33%
Cardinals Zach Ertz
33%
Bucs Cameron Brate
25%
Browns David Njoku
25%
Patriots Hunter Henry
25%
Vikings Irv Smith
25%
Seahawks Noah Fant
25%
Titans Austin Hooper
17%
Bears Cole Kmet
17%
Eagles Dallas Goedert
17%
Cowboys Dalton Schultz
17%
Bills Dawson Knox
17%
Chargers Gerald Everett
17%
Bengals Hayden Hurst
17%
Steelers Pat Freiermuth
17%
Rams Tyler Higbee
17%
Saints Adam Trautman
8%
Jets CJ Uzomah
8%
Radiers Daren Waller
8%
Jaguars Evan Engram
8%
Commanders Logan Thomas
8%
Dolphins Mike Gesicki
8%
Colts Mo Alie-Cox
8%
Packers Robert Tonyan
8%
Broncos Albert Okuegbunam
0%
Texans Brevin Jordan
0%
Giants Ricky Seals-Jones
0%
Panthers Tommy Tremble
0%
No matching quizzes found
Score Distribution
Percent of People with Each Score
Percentile by Number Answered
Your Score History
You have not taken this quiz